01172cam a22003011 4500001001300000003000400013005001700017008004100034010001700075035001900092040002800111042001200139043001200151050002200163051002600185100003200211245014600243260004800389300006900437490004100506500006400547500007100611504002600682650002100708650004100729710003300770740006700803gs 37000228 DLC20260227111342.0800627s1937 dcub b f001 0 eng  ags 37000228  a(OCoLC)6467640 aDLCcICharEdOCoLCdDLC apremarc an-us-or00aQE75b.B9 no. 879 aTN24.O7bG48cCopy 2.1 aGilluly, James,d1896-1980.10aGeology and mineral resources of the Baker quadrangle, Oregon,cby James Gilluly. Prepared in cooperation with the Oregon State mining board. aWashington,bU.S. Govt. Print. Off.,c1937. avi, 119 p.billus., 3 pl. (incl. fold. maps, fold. plan)c23 cm.0 aU.S. Geological survey. Bulletin 879 aAt head of title: United States Department of the Interior. aMap in pocket accompanied by transparent guard sheet with tracing. aBibliography: p. 3-4. 0aGeologyzOregon. 0aMines and mineral resourceszOregon.1 aOregon.bState Mining Board.0 aBaker quadrangle, Oregon, Geology and mineral resources of the